01030nam a22002898i 4500001001000000003000900010005001700019008004100036020001800077040004100095082001900136100002900155245009900184264003500283300002300318336002600341337002800367338002700395504005200422650002000474650003100494653002700525655001700552942001200569999001700581952014200598021129242EG-ScBUE20260216100834.0230703s2023 enk f b 001 0 eng d a9781785120459 aStDuBDSbengerdacStDuBDSdEG-ScBUE04a158.1222bSTU1 aStulberg, Brad,eauthor.10aMaster of change :bhow to excel when everything is changing - including you /cBrad Stulberg. 1aLondon :bHeligo Books,c2023. a320 pages ;c22 cm atext2rdacontentbtxt aunmediated2rdamediabn avolume2rdacarrierbnc aIncludes bibliographical references and index.  7aSuccess.2BUEsh 7aChange (Psychology)2BUEsh cFebruary2026bHHUUPPSS vReading book 2ddccBB c31134d31105 00102ddc40708AUCaMAINbMAINcLOWd2026-02-16ePurchaseg750.00l0o158.1 STUp000057541r2026-02-16 00:00:00v937.50w2026-02-16yBB